000 00839cam a2200241 4500
001 WB3717-25
008 000000n2001 000 0 eng u
035 _a(Sirsi) u112366
245 _aFishing rights loss 'threat to estates'
260 _c2001
490 _aDaily Telegraph
_v2 May 2001, 9(1)
520 _a Landowners have warned that proposals included in the Scottish Land Reform Bill, which would allow crofters to buy lucrative salmon fishing rights, could destroy the economy of Highland sporting estates and lead to the deterioration of fisheries.
590 _aWB
650 _aCROFTERS
650 _aFISHERIES
650 _aFISHING RIGHTS
650 _aHIGHLAND ESTATES
650 _aSALMON FISHING
650 _aSCOTTISH LAND REFORM BILL
650 _aSPORTING ESTATES
690 _aRural
_96268
942 _n0
999 _c66876
_d66876